| 000 | 01000nam a22001817a 4500 | ||
|---|---|---|---|
| 005 | 20241204134854.0 | ||
| 008 | 230715b ||||| |||| 00| 0 eng d | ||
| 040 | _cSSBUL | ||
| 082 |
_223 _a၃၂၇.၅၉၁ သက် _b၁၆၀၁၈ (S-SAT) |
||
| 100 |
_aသက်ထွန်း၊ _cဦး၊ _gအငြိမ်းစားသံအမတ်ကြီး-။ _928049 |
||
| 245 |
_aသံတို့အမြင်။ _cအငြိမ်းစားသံအမတ်ကြီး ဦးသက်ထွန်း။ |
||
| 260 |
_aရန်ကုန် ၊ _bမိတ်ကောင်း၊ _c[ခုနှစ်မပါ]။ |
||
| 300 |
_a၂၀၄ စာမျက်နှာ၊ _bဓာတ်ပုံများ၊ _c၂၀ စင်တီ။ |
||
| 500 | _aS-SAT: Dr. Sai Aung Tun Collection | ||
| 650 |
_aသံတမန်ရေးရာ။ _928050 |
||
| 650 |
_aနိင်ငံတကာဆက်ဆံရေး _zမြန်မာနိုင်ငံ။ _928051 |
||
| 942 |
_2ddc _cBK1 |
||
| 999 |
_c27250 _d27250 |
||